MARC details
| 000 -LEADER |
| fixed length control field |
02280 a2200337 4500 |
| 003 - CONTROL NUMBER IDENTIFIER |
| control field |
CBULib |
| 005 - DATE AND TIME OF LATEST TRANSACTION |
| control field |
20250826125436.0 |
| 008 - FIXED-LENGTH DATA ELEMENTS--GENERAL INFORMATION |
| fixed length control field |
250826b |||||||| |||| 00| 0 eng d |
| 020 ## - INTERNATIONAL STANDARD BOOK NUMBER |
| International Standard Book Number |
9781032946658 |
| 040 ## - CATALOGING SOURCE |
| Original cataloging agency |
CBULib |
| Language of cataloging |
English |
| Transcribing agency |
CBULib |
| Description conventions |
rda |
| 050 ## - LIBRARY OF CONGRESS CALL NUMBER |
| Classification number |
RA 545 Mul |
| 100 ## - MAIN ENTRY--PERSONAL NAME |
| Personal name |
Mulenga, David |
| 245 ## - TITLE STATEMENT |
| Title |
Understanding public health in Africa : issues and cases |
| Statement of responsibility, etc |
/ by David Mulenga |
| 260 ## - PUBLICATION, DISTRIBUTION, ETC. (IMPRINT) |
| Name of publisher, distributor, etc |
Routledge, |
| Date of publication, distribution, etc |
2025 |
| Place of publication, distribution, etc |
New York : |
| 300 ## - PHYSICAL DESCRIPTION |
| Extent |
xvi, 290 pages : illustrations |
| 336 ## - CONTENT TYPE |
| Source |
rdacontent |
| Content type term |
Text | |
| Content type code |
txt |
| 337 ## - MEDIA TYPE |
| Source |
rdamedia |
| Media type term |
Unmediated | |
| Media type code |
n |
| 338 ## - CARRIER TYPE |
| Source |
rdacarrier |
| Carrier type term |
Volume |
| Carrier type code |
nc |
| 500 ## - GENERAL NOTE |
| General note |
DESCRIPTION FROM BOOK COVER: This innovative textbook, written by an author based in Zambia, provides an invaluable perspective on the key public health issues that Africa is facing today.<br/><br/>In addition to outlining the fundamental principles of public health, the book highlights the specific challenges faced in low-resource settings across the continent. It is split into four parts. Part I covers the core concepts of public health, including the different determinants that affect public health, as well as how health systems are organized. Part II looks at environmental factors such as air pollution, water sanitation, and food and nutrition, while Part III focuses on issues around infectious and non-communicable diseases, including chapters on tuberculosis, malaria, HIV/AIDS, maternal health, and mental health. Part IV covers emerging issues affecting public health such as climate change and the effects of mining in the region.<br/><br/>With each chapter providing examples and case studies to illustrate the issues, success stories, and innovative approaches being taken in countries such as Tanzania, Uganda, Kenya, Malawi, and Nigeria, this unique book will fascinate students of Public Health, Global Health, African Studies, and beyond. <br/><br/> |
| 650 #0 - SUBJECT ADDED ENTRY--TOPICAL TERM |
| 9 (RLIN) |
315 |
| Topical term or geographic name as entry element |
PUBLIC HEALTH |
| 650 #0 - SUBJECT ADDED ENTRY--TOPICAL TERM |
| 9 (RLIN) |
4800 |
| Topical term or geographic name as entry element |
PUBLIC HEALTH |
| Geographic subdivision |
AFRICA |
| 650 #0 - SUBJECT ADDED ENTRY--TOPICAL TERM |
| 9 (RLIN) |
4801 |
| Topical term or geographic name as entry element |
ENVIRONMENTAL PUBLIC HEALTH |
| 650 #0 - SUBJECT ADDED ENTRY--TOPICAL TERM |
| 9 (RLIN) |
4802 |
| Topical term or geographic name as entry element |
PUBLIC HEALTH SURVEILLANCE |
| 650 #0 - SUBJECT ADDED ENTRY--TOPICAL TERM |
| 9 (RLIN) |
4803 |
| Topical term or geographic name as entry element |
HEALTH SYSTEMS |
| 650 #0 - SUBJECT ADDED ENTRY--TOPICAL TERM |
| 9 (RLIN) |
4804 |
| Topical term or geographic name as entry element |
MENTAL HEALTH |
| 650 #0 - SUBJECT ADDED ENTRY--TOPICAL TERM |
| 9 (RLIN) |
4805 |
| Topical term or geographic name as entry element |
TUBERCULOSIS |
| 650 #0 - SUBJECT ADDED ENTRY--TOPICAL TERM |
| 9 (RLIN) |
68 |
| Topical term or geographic name as entry element |
AIR--POLLUTION |
| 650 #0 - SUBJECT ADDED ENTRY--TOPICAL TERM |
| 9 (RLIN) |
2345 |
| Topical term or geographic name as entry element |
SANITATION |
| 650 #0 - SUBJECT ADDED ENTRY--TOPICAL TERM |
| 9 (RLIN) |
789 |
| Topical term or geographic name as entry element |
EPIDEMIOLOGY |
| 942 ## - ADDED ENTRY ELEMENTS (KOHA) |
| Source of classification or shelving scheme |
|
| Koha item type |
MONOGRAPH |